00438nam a22001457a 4500003000400000005001700004008004100021020002200062040002200084082002100106100004000127245006100167260004500228300001900273OSt20221005190209.0221005b |||||||| |||| 00| 0 eng d a978-84-370-7367-5 cBiblioteca Lado V a700.707.7bH565b aHerrera Despaigne, Maribeleeditora aBienal de la Habana para leer/bCompilación de textos/ aEspaña bUniversitat de Valenciac2009 a510p.c17x25cm